|
|
|
|
| LEADER |
00000nab a2200000 ar4500 |
| 001 |
vtls010130009 |
| 003 |
SK-MaSNL |
| 005 |
20260303093525.0 |
| 008 |
100908c20100812xo ||||||||||||00 b|slo |
| 015 |
|
|
|a SNBRB2010/09
|2 snkbucl
|
| 038 |
|
|
|a SNKBUCL
|
| 040 |
|
|
|a SNKBUCL
|b slo
|c SNKBUCL
|e AACR2
|
| 041 |
0 |
|
|a slo
|
| 044 |
|
|
|a xo
|c SK
|
| 080 |
|
|
|a 354.46:502.1
|x (437.6)
|2 2001
|
| 100 |
1 |
|
|a Piško, Michal
|4 aut
|9 672844
|
| 245 |
1 |
0 |
|a Príroda sa dočká ministra
|b Ministerstvo životného prostredia sa vracia
|c Michal Piško
|
| 300 |
|
|
|b Fotogr.
|
| 610 |
1 |
7 |
|a Slovensko.
|b Ministerstvo životného prostredia
|2 snkbucl
|9 250390
|
| 773 |
0 |
|
|t Sme
|g Roč. 18, č. 185 (12.8.2010), s. 3
|x 1335-440X
|
| 852 |
|
|
|a SNK
|b KIS3GCP
|
| 856 |
4 |
1 |
|u http://dennik.sme.sk/vydanie/20100812/
|
| 958 |
|
|
|a SK
|
| 999 |
|
|
|c 1816004
|d 1817934
|